书目信息 |
| 题名: |
词语流行病辨析
|
|
| 作者: | 张盛如 , 骆小所 主编 ;邓增松 编著 | |
| 分册: | ||
| 出版信息: | 北京 北京工业大学出版社 2005.01 |
|
| 页数: | 290页 | |
| 开本: | 19cm | |
| 丛书名: | 实用汉语丛书 | |
| 单 册: | ||
| 中图分类: | H146.2 | |
| 科图分类: | ||
| 主题词: | 汉语--词语--辨别 | |
| 电子资源: | ||
| ISBN: | 7-5639-0965-6 | |
| 000 | 01052nam 2200265 450 | |
| 001 | 0120041161 | |
| 005 | 20050831022100.39 | |
| 010 | @a7-5639-0965-6@dCNY12.00 | |
| 100 | @a20040129d2005 km y0chiy0120 ea | |
| 101 | 0 | @achi |
| 102 | @aCN@b110000 | |
| 105 | @aa z 000yy | |
| 200 | 1 | @a词语流行病辨析@Aci yu liu xing bing bian xi@f张盛如, 骆小所主编@Fzhang sheng ru,luo xiao suo zhu bian@g邓增松 … [等]编著@Gdeng zeng song…[deng]bian zhu |
| 210 | @a北京@c北京工业大学出版社@d2005.01 | |
| 215 | @a290页@c图@d19cm | |
| 225 | 2 | @a实用汉语丛书 |
| 330 | @a本书主要对近年来各种公开出版物中出现的词语流行病进行辨析。其辨析的内容既有字词的误用问题,也有语法错误问题,还有常识错误的问题。作者除指出各类误用现象发生的原因外,还提出了纠正的方法,介绍了防止出错的途径。 | |
| 410 | 0 | @12001 @a实用汉语丛书 |
| 606 | 0 | @a汉语@x词语@x辨别 |
| 690 | @aH146.2@v4 | |
| 701 | 0 | @a张盛如@AZhang Sheng Ru@4主编 |
| 701 | 0 | @a骆小所@ALuo Xiao Suo@4主编 |
| 702 | 0 | @a邓增松@Adeng zeng song@4编著 |
| 801 | 0 | @aCN@bQSSK@c20050831 |
| 905 | @a10447@dH146.2@eZ165 | |
| 词语流行病辨析/张盛如, 骆小所主编/邓增松 … [等]编著.-北京:北京工业大学出版社,2005.01 |
| 290页:图;19cm.-(实用汉语丛书) |
| ISBN 7-5639-0965-6:CNY12.00 |
| 本书主要对近年来各种公开出版物中出现的词语流行病进行辨析。其辨析的内容既有字词的误用问题,也有语法错误问题,还有常识错误的问题。作者除指出各类误用现象发生的原因外,还提出了纠正的方法,介绍了防止出错的途径。 |
| ● |
| 相关链接 |
|
|
|
正题名:词语流行病辨析
索取号:H146.2/Z165
 
预约/预借
| 序号 | 登录号 | 条形码 | 馆藏地/架位号 | 状态 | 备注 |
| 1 | 566257 | 205662576 | 语言库209/209语言库 73排3列5层/ [索取号:H146.2/Z165] | 在馆 | |
| 2 | 566258 | 205662585 | 语言库209/209语言库 73排3列5层/ [索取号:H146.2/Z165] | 在馆 | |
| 3 | 566259 | 205662594 | 语言库209/209语言库 73排3列5层/ [索取号:H146.2/Z165] | 在馆 |